000 00573nam a2200157Ia 4500
003 0
005 20250128161604.0
008 160517s9999 xx 000 0 und d
050 _aHF 5415.32
_b.L972 2016
100 _aLustaña, Carlo Medardo R.
245 _aEvaluation of customer preferences of project BC's walk-in clients /
_cCarlo Medardo R. Lustaña.
260 _aLas Piñas, Philippines :
_bSouthville International School and Colleges,
_c2016.
300 _a30 pages :
_billustrations ;
_c28 cm.
504 _aIncludes bibliographical references.
942 _cTH
_2lcc
999 _c293972
_d293972